1309 1888 1301 1712 1878 1445 1205 1985 1342 1395 1354 1316 1564 1939 1790 1919 1639 1609 1951 1551 1194 1513 1444 1009 1413 1199 1283 1982 1926 1571 1199 1815 1296 1778 1746 1075 1325 1340 1085 1556 1755 1267 1272 1884 1168 1914 1945 1206 1152 1487 1312 1838 1150 1407 1527 1735 1719 1319 1251 1188 1657 1788 1830 1841 1978 1880 1890 1928 1895 1275 1298 1704 1012 1008 1225 1683 1298 1483 1464 1110 1652 1732 1707 1581 1995 1023 1867 1310 1750 1143 1515 1857 1297 1942 1665 1203 1041 1859 1594 BCNSPRNW ULIB Ver.6.0+V

เปลี่ยนเป็นภาษาไทย

Change to English
 แสดงรายละเอียดบรรณานุกรม
  กลับหน้าหลัก

Brief Record : Get Marc (ISO 2709) : E-mail record : QR code < ปิดหน้าต่าง
LEADER : 00000nam 2200000uu 4500
001    13399124780
003     ULIB
008    160323s2015||||th 000 0 eng d
020    ^a9781451192711
020    ^a1451192711
060 04 ^aWY100^bL989t
100 1  ^aLynn, Pamela Barbara
245 10 ^aTaylor s clinical nursing skills :^ba nursing processapproach /^cPamela Lynn.
246 13 ^aClinical nursing skills.
250    ^a4th ed.
260    ^aPhiladelphia :^bWolters Kluwer/Lippincott Williams &Wilkins Health,^c2015.
300    ^axx, 1116 p. :^bcol. ill. ;^c28 cm.
504    ^aIncludes bibliographical references and index.
650  2 ^aNursing.
650  2 ^aNursing Process.
650  2 ^aNursing Care^xmethods.
700 1  ^aTaylor, Carol.
945    ^p2800^l0^i000329
999    ^aเกษร โพธิ์สุวรรณ
รายการนี้ยังไม่มีแท็ก
คุณยังไม่ได้ล็อกอิน คุณสามารถมีกิจกรรมร่วมกับเว็บไซต์ได้ แต่ต้องล็อกอินก่อน ::
  ล็อกอิน

รายการสื่อสารสนเทศ

ลำดับที่ ประเภท เลขเรียก/บาร์โค้ด สถานที่ สถานะ
1. Book การพยาบาล
Book การพยาบาล
WY100 L989t ฉ.1 
  Barcode: 000329
ห้องสมุดวิทยาเขตสวรรค์ประชารักษ์
►หนังสือทั่วไป
ถูกยืม กำหนดส่งวันที่ 30 มิถุนายน 2568
  จอง

รายการใกล้เคียง
    หัวเรื่อง [Nursing.]
    หัวเรื่อง [Nursing Process.]

BibComment


ยังไม่เคยถูกคอมเมนท์

คอมเมนท์ทรัพยากรรายการนี้
  คอมเมนท์: Taylor s clinica..


 Copyright 2026. Bcnsprnw @Library